| 000 | 01450nam a2200229Ia 4500 | ||
|---|---|---|---|
| 003 | Ost | ||
| 005 | 20260507075652.0 | ||
| 008 | 260507s9999||||xx |||||||||||||| ||und|| | ||
| 020 | _a8094639975 | ||
| 040 | _cfsecg | ||
| 041 | _aara | ||
| 082 | _a658.4012 | ||
| 100 |
_aعبوي، زيد منير _eمؤلف |
||
| 245 | 0 |
_aالإدارة الإستراتيجية / _c زيد منير عبوي |
|
| 260 |
_aعمان: _bدار كنوز المعرفة للنشر والتوزيع, _c2006 |
||
| 300 |
_a175 صفحة؛ _bإيضاحات ؛ _c25 سم |
||
| 504 | _aالمراجع ص. 173 | ||
| 520 | _aنشأة الإدارة الإستراتيجية وتطورها- مفاهيم الإدارة الإستراتيجية- الإدارة الإستراتيجية في القطاع العام- عمليات الإدارة الإستراتيجية- التخطيط الإستراتيجي- الإدارة الإستراتيجية في التنمية الإدارية- أنماط الإدارة الإستراتيجية والإبداعية- تحويل الإستراتيجية من العلوم العسكرية الى عصر العولمة- رؤية استراتيجية للولايات المتحدة واستراتيجية الإحتواء الجديدة- الطيران المدني في دبي مركز متطور لبناء فرق العمل. | ||
| 653 | _aالإدارة | ||
| 653 | _aالإدارة الإستراتيجية | ||
| 942 | _cكتاب | ||
| 999 |
_c45634 _d45634 |
||